000 00531nam a2200181Ia 4500
008 240729s9999 xx 000 0 und d
022 _a2590-0048
245 0 _aClinical Hematology International
260 _aUnited States
260 _bSAABRON PRESS
650 _a Diseases of the blood and blood-forming organs
650 _a Internal medicine
650 _a Specialties of internal medicine
650 _aMedicine
856 _uhttps://doaj.org/toc/1d8dbdd35ed340118ea8af4775b0ff8a
942 _2ddc
942 _cDOAJEJ
999 _c73538
_d73538
945 _a1
_bMadushi Gamage
_c1
_dMadushi Gamage